Krisis rumahtangga & cara mengatasinya

Bibliographic Details
Main Author: Abu Hassan Din Al-Hafiz Datuk
Format: Book
Published: Kuala Lumpur : Darul Nu'man , 1999
Subjects:

MARC

LEADER 00000cam a2200000 7i4500
001 0000013575
005 20080118.0
008 080118
020 |a 9830460835 
090 0 0 |a 297.577   |b ABU 
100 0 |a Abu Hassan Din Al-Hafiz   |c Datuk 
245 1 0 |a Krisis rumahtangga & cara mengatasinya   |c Datuk Abu Hassan Din Al-Hafiz 
260 |a Kuala Lumpur :   |b Darul Nu'man ,   |c 1999 
650 0 |a Islam   |x Customs and practices 
650 0 |a Marriage   |x religious aspects   |x Islam 
740 0 |a Krisis rumahtangga dan cara mengatasinya 
999 |a 0000797009   |b Book   |c Adult Collection   |e Cawangan Segamat 
999 |a 0000798966   |b Book   |c Adult Collection   |e Cawangan Pontian 
999 |a 0001006239   |b Book   |c Adult Collection   |e Perbadanan Perpustakaan Awam Johor 
999 |a 0001006240   |b Book   |c Adult Collection   |e Perbadanan Perpustakaan Awam Johor